MARC

LEADER 00000nam0a2200000 4500
001 104734
005 20231031114123.0
035 |a (RuTPU)RU\TPU\book\112938 
090 |a 104734 
100 |a 20061106d m y0rusy50 ca 
101 0 |a rus 
102 |a RU 
105 |a a z 001zy 
200 1 |a Однополосная модуляция  |f М. В. Верзунов, И. В. Лобанов, А. М. Семенов 
210 |a Москва  |c Радио и связь  |d 1962 
215 |a 298с.  |c ил. 
320 |a Библиогр. в конце гл. 
610 1 |a радиотехника 
610 1 |a радиосвязь 
610 1 |a частотная модуляция 
610 1 |a однополосная модуляция 
610 1 |a схемы 
610 1 |a однополосные радиопередатчики 
675 |a 621.396.216  |v 3 
700 1 |a Верзунов  |b М. В.  |g Михаил Васильевич 
701 1 |a Лобанов  |b И. В.  |g Игорь Валентинович 
701 1 |a Семенов  |b А. М.  |g Александр Митрофанович 
801 1 |a RU  |b 63413507  |c 20061106  |g PSBO 
801 2 |a RU  |b 63413507  |c 20220119  |g PSBO 
942 |c BK